| 000 | 004900000a22001810004500 | ||
|---|---|---|---|
| 001 | 001652 | ||
| 003 | MACL | ||
| 005 | 20150804170127.0 | ||
| 008 | 150804b xxu||||| |||| 00| 0 eng d | ||
| 040 |
_aMACL _cMACL |
||
| 041 | _aEnglish | ||
| 082 | _a370.78/OPI | ||
| 100 |
_aOpie, Clive _94772 |
||
| 245 |
_aDoing Education Research _bA Guide For First Time Researchers _cClive Opie |
||
| 260 |
_aNew Delhi _c2004 _bVistaar Publications, |
||
| 650 |
_aEducation _94773 |
||
| 942 |
_k371 _cBK _2ddc |
||
| 999 |
_c13570 _d13570 |
||